Ordini e congregazioni religiose / (Record n. 26111)
[ formato base ]
| 000 -LEADER | |
|---|---|
| fixed length control field | 00774nam a2200217 i 4500 |
| 003 - CONTROL NUMBER IDENTIFIER | |
| control field | IT-RoINE |
| 005 - DATE AND TIME OF LATEST TRANSACTION | |
| control field | 20190612070904.0 |
| 008 - FIXED-LENGTH DATA ELEMENTS--GENERAL INFORMATION | |
| fixed length control field | 971218m19511953it a r 001 | ita d |
| 040 ## - CATALOGING SOURCE | |
| Original cataloging agency | ES-MaCSI |
| Transcribing agency | IT-RoINE |
| Modifying agency | IT-RoINE |
| 245 00 - TITLE STATEMENT | |
| Title | Ordini e congregazioni religiose / |
| Statement of responsibility, etc | a cura di Mario Escobar ; introduzione di Giovanni Adeodato Piazza. |
| 260 ## - PUBLICATION, DISTRIBUTION, ETC. (IMPRINT) | |
| Place of publication, distribution, etc | Torino : |
| Name of publisher, distributor, etc | Società editrice internazionale, |
| Date of publication, distribution, etc | 1951-1953. |
| 300 ## - PHYSICAL DESCRIPTION | |
| Extent | 2 v., 94 h. de lám. ; |
| Dimensions | 21 cm. |
| 336 ## - CONTENT TYPE | |
| Source | rdacontent |
| Content type term | text |
| 337 ## - MEDIA TYPE | |
| Source | rdamedia |
| Media type term | unmediated |
| 338 ## - CARRIER TYPE | |
| Source | rdacarrier |
| Carrier type term | volume |
| 500 ## - GENERAL NOTE | |
| General note | Incluye índices. |
| 650 #4 - SUBJECT ADDED ENTRY--TOPICAL TERM | |
| Topical term or geographic name as entry element | Monacato y órdenes religiosas |
| 9 (RLIN) | 8735 |
| 700 1# - ADDED ENTRY--PERSONAL NAME | |
| 9 (RLIN) | 17343 |
| Personal name | Escobar, Mario, |
| Dates associated with a name | n. 1911 |
| 700 1# - ADDED ENTRY--PERSONAL NAME | |
| Personal name | Piazza, Adeodato Giovanni, |
| Titles and other words associated with a name | Cardenal, |
| Dates associated with a name | 1884-1957 |
| 9 (RLIN) | 51705 |
| 942 ## - ADDED ENTRY ELEMENTS (KOHA) | |
| Item type | Monografías |
| Withdrawn status | Lost status | Damaged status | Not for loan | Home library | Current library | Date acquired | Total Checkouts | Full call number | Barcode | Date last seen | Price effective from | Koha item type | Public note |
|---|---|---|---|---|---|---|---|---|---|---|---|---|---|
| Iglesia Nacional Española en Roma | Iglesia Nacional Española en Roma | 17/07/2018 | HIS.ECL 216.1 | 51727 | 17/07/2018 | 17/07/2018 | Monografías | Vol. I. | |||||
| Iglesia Nacional Española en Roma | Iglesia Nacional Española en Roma | 17/07/2018 | HIS.ECL 216.2 | 51728 | 17/07/2018 | 17/07/2018 | Monografías | Vol. II. |